| 000 | 01343cam a22003254a 4500 | ||
|---|---|---|---|
| 005 | 20260322212008.0 | ||
| 008 | data | ||
| 010 | _a 2002110404 | ||
| 020 | _a1931788081 | ||
| 020 | _a9781931788083 | ||
| 040 |
_aDLC _cDLC _dDLC |
||
| 042 | _apcc | ||
| 043 |
_aa-cc-im _aa-cc-ti _aa-cc-im |
||
| 050 | 0 | 0 |
_aDS710 _b.C26 2003 |
| 092 | _a915.1 Cab 2003 | ||
| 100 | 1 |
_aCabot, Mabel H. _q(Mabel Hobart) |
|
| 245 | 1 | 0 |
_aVanished kingdoms : _ba woman explorer in Tibet, China & Mongolia, 1921-1925 / _cMabel H. Cabot. |
| 246 | 3 | 0 | _aWoman explorer in Tibet, China & Mongolia, 1921-1925 |
| 250 | _a1st ed. | ||
| 260 |
_aNew York : _bAperture in association with the Peabody Museum of Archaeology and Ethnology, Harvard University, _c2003. |
||
| 300 |
_a190 p. : _bchiefly ill. (some col), maps, ports ; _c25 cm. |
||
| 504 | _aIncludes bibliographical references (p. 188). | ||
| 600 | 1 | 0 |
_aWulsin, Janet E. _q(Janet Elliott) _xTravel _zChina. |
| 651 | 0 |
_aChina _xDiscovery and exploration. |
|
| 651 | 0 |
_aTibet Autonomous Region (China) _xDiscovery and exploration. |
|
| 651 | 0 |
_aInner Mongolia (China) _xDiscovery and exploration. |
|
| 856 | 4 | 2 |
_3Contributor biographical information _uhttp://www.loc.gov/catdir/bios/hol052/2002110404.html |
| 856 | 4 | 2 |
_3Publisher description _uhttp://www.loc.gov/catdir/description/hol031/2002110404.html |
| 001 | data | ||
| 999 |
_c161 _d161 |
||